000 02289nam a2200433 c 4500
003 BLK
005 20250215134640.0
008 180408b bul|||||r ||||||| ||bul||
010 _aKNG00068037000
020 _a954-790-020-Х
_bиздат.: Кивели
040 _aBLK
041 _aBUL
_cBUL
080 _aПолитическо преследване. Терористични действия. Тероризъм - Атентати, политически убийства. Вж и 343.1 ; 343.3/.7
_b323.28
_x(100)
_z323.28(100)
080 _aМеждународни политически отношения. Световна политика. Международна политика. Дипломация
_b327
_x(100)
_z327(100)
080 _aРазузнавателна служба. Тайна служба. Шпионаж. Разузнавателна информация. Вж и 327.84 ; 344.1
_b355.40
_x(100)
_z355.40(100)
700 1 _aЧомски, Аврам Ноам
_e*
_9366765
100 1 _aЧомски, Ноам
_eпърви автор
_gЧомски, Аврам Ноам
_9256569
700 1 _aСтефчева, Емилия
_eпрев.
_9291608
139 _aЧомски, Аврам Ноам
_bЧ 91
245 1 0 _aПирати и императори, стари и нови
_bМежд. тероризъм в съвр. свят
_c* Аврам Ноам Чомски; Ноам Чомски; прев. Емилия Стефчева.
250 _aДоп. изд.
257 _aUSA
260 София
_bКивели
_c2005
300 _a252 с.
_c23 см
380 _a3
500 _aПълното име на авт. е Аврам Ноам Чомски. - Ориг. загл. Pirates and Emperors, Old and New / Noam Chomsky.
650 4 _aТероризъм, международен
_9272425
650 4 _aВъншна политика - история
_9260493
650 7 _aВоенни конфликти
_2
_9151085
653 _aтероризъм
653 _aвъншна политика
653 _aвоенни конфликти
852 _aЦб 229137
856 4 _qpdf
_u
856 4 _qpdf
_u
942 _cKNG
_n0
_02
944 _aCR
_c20.09.2006
_k30560
_lГеновева Генчева
944 _aED
_c25.09.2006
_k
999 _c63778
_d63778